Eliminación por categoría - Países #5 - Estadísticas

Estadísticas generales
  • Esta prueba ha sido intentada 11.319 veces
  • La puntuación promedio es 13 de 20
Estadísticas de respuestas
Grupo # Categoría % Correcto
Verde 41 Países que empiezan por una vocal
100%
Verde 24 ... con el azul en su bandera nacional
96%
Verde 17 ... que tienen salida al mar
93%
Naranja 151 Países que no se encuentran en Europa
93%
Naranja 67 ... que no tienen verde en su bandera
92%
Naranja 40 ... que no contiene la letra E
91%
Verde 6 ... con una población de 20 millones o más
87%
Azul 99 Países con una elevación máxima mayor a 2.500m
82%
Azul 84 ... con una palabra en su nombre
78%
Naranja 7 ... cuya capital está al sur del ecuador
73%
Morado 87 Países con una densidad poblacional mayor a 100/km²
72%
Verde 1 ... y no comparte frontera con ningún país. Australia
69%
Azul 42 ... con menos de 1000km de costa
66%
Morado 34 ... que contiene la letra E
61%
Morado 23 ... que no está en Asia
49%
Azul 5 ... con una población menor a 1 millón
44%
Morado 6 ... que no tienen salida al mar
32%
Naranja 1 ... y que no tiene salida al mar Botsuana
25%
Morado 1 ... y que termina en N Liechtenstein
13%
Azul 1 ... y tiene verde y negro en su bandera Guyana
3%
No se encontraron pruebas coincidentes
Distribución de puntuación
Porcentaje de gente con cada puntuación
Porcentaje por número respondido
Historial de tus puntuaciones
No has intentado esta prueba.